Recent economic changes in New Zealand /

Bibliographic Details
Main Author: Sutch, W. B. (William Ball), 1907-1975
Corporate Author: Institute of Pacific Relations. New Zealand Council
Format: Book
Language:English
Published: [Auckland], [Christchurch, etc., N.Z.] : Institute of pacific relations, New Zealand council, 1936.
Subjects:

MARC

Tag First Indicator Second Indicator Subfields
LEADER 00000cam a2200000 4500
001 in00000065211
005 20151008051814.0
008 800228s1936 nz a 00010 eng a
010 |a agr36000864  
035 |a (OCoLC)06029767 
035 |9 AAH0090AM 
040 |a DLC  |c CLE  |d TXA  |d UtOrBLW 
049 |a TXAM  |c [220592] 
050 1 0 |a HC622  |b .S 
092 |a 330.9931  |b S965r 
100 1 |a Sutch, W. B.  |q (William Ball),  |d 1907-1975. 
245 1 0 |a Recent economic changes in New Zealand /  |c by W. B. Sutch ... Introduction by Hon. Walter Nash. 
264 1 |a [Auckland],  |a [Christchurch, etc., N.Z.] :  |b Institute of pacific relations, New Zealand council,  |c 1936. 
300 |a 8 pages ., 21-163 pages, 1 unnumbered page :  |b illustrations, diagrams ;  |c 24 cm. 
336 |a text  |b txt  |2 rdacontent 
337 |a unmediated  |b n  |2 rdamedia 
338 |a volume  |b nc  |2 rdacarrier 
651 0 |a New Zealand  |x Economic conditions. 
710 2 |a Institute of Pacific Relations.  |b New Zealand Council. 
999 |a MARS 
999 f f |s b7928f0e-a9fd-3f20-95cb-d3b537956c1e  |i 67afb7fe-3a40-3c52-9c82-43fda32669a4  |t 0 
952 f f |p ric  |a Texas A&M University  |b Rellis Campus  |c Joint Library Facility  |d Remote Storage  |t 0  |e HC622 .S  |h Library of Congress classification  |i unmediated -- volume  |m A14800710775 
998 f f |a HC622 .S  |t 0  |l Remote Storage